Materials science concrete IV

Saved in:
Bibliographic Details
Format: Book
Language:English
Published: Westerwille : American Ceramic Society, 1995
Tags: Add Tag
No Tags, Be the first to tag this record!

MARC

LEADER 00000nam a22000003a 4500
001 stu26348
005 20141122071653.1
008 970507s1995----xxu-----------------eng-d
020 |a 0-944904-75-0 
040 |a STU  |b slo 
041 0 |a eng 
044 |a xxu 
080 |a 624.012.3/.4  |7 stu_us_auth*stu4207 
245 |a Materials science concrete IV 
260 |a Westerwille :  |b American Ceramic Society,  |c 1995 
300 |a 411 s 
996 |c V*44544/O-19400  |l VV15  |s P  |a 0  |w stu26348_0001